02885nam a2200349Ia 4500001000900000003000500009005001700014008004100031010001100072020002200083040000900105082001900114245012600133260003600259300001700295503001300312504002800325505171000353650006302063650003602126650004302162650001802205650002102223650004202244650004902286650005102335650001702386650004002403700003302443700003002476700002902506dia_4491CHAP20251023165336.0220117s2007 xx 000 0 und d a175152 a978-1-84593-204-6 cCHAP a306.4 M43 2007 aThe media, the public and agricultural biotechnology /c edición Dominique Brossard, James Shanahan y T. Clint Nesbitt aUnited Kingdom :b CABI,c2007 axxiv, 405 p. aI.247934 aIncluye bibliografías aPerspectives on communication about agricultural biotechnology / D. Brossard and J. Shanahan -- Public perceptions of agricultural biotechnology in the UK : the case of GM foods / W. Poortinga and N. Pidgeon -- German reactions to genetic engineering in food production / H. P. Peters and M. Sawicka -- Mass media and public perceptions of red and green biotechnology : a case from Switzerland / H. Bonfadelli, U. Dahinden and M. Leonarz -- Genetically modified foods : U.S. public opinion research polls / W. Fink and M. Rodemeyer -- Biotechnology and consumer information / J. Kolodinsky -- What do Brazilians think about transgenics? / L. Massarani and I. de Castro Moreira -- Where do science debates come from? : understanding attention cycles and framing / M. C. Nishet and M. Huge -- Opinion climates, spirals of silence, and biotechnology : public opinion as a heuristic for scientific decision-making / D. A. Scheufele -- The hostile media effect and opinions about biotechnology / A. C. Gunther and J. L. Liebhart -- Risk communication, risk beliefs, and democracy : the case of agricultural biotechnology / S. Dunwoody and R. J. Griffin -- The GEO-PIE project : case study of Web-based outreach at Cornell University, USA / T. C. Nesbitt -- Governing controversial technologies : consensus conferences as a communication tool / J. Medlock, R. Downey, and E. Einsiedel -- The Bt maize experience in the Philippines : a multi-stakeholder convergence / M. J. Navarro... [et al.] -- Food aid crisis and communication about GM foods : experience from Southern Africa / L. E. Mumba -- Approval process and adoption of Bollgard cotton in India : a private company perspective / R. Barwale ...[et al.]. aAlimentos modificados geneticamentexOpinión pública  aBiotechnologyxPublic opinion  aBiotecnologíaxOpinión pública  aCommunication aComunicación  aGenetic engineeringxPublic opinion  aGenetically modified foodsxPublic opinion  aIngeniería genéticaxOpinión pública  aMass media  aMedios de comunicación de masas  aBrossard, Dominique, coord.  aNesbitt, T. Clint, coord. aShanahan, James, coord.